Регионална библиотека "Любен Каравелов" - Русе

Риби (Запис номер 125)

MARC детайли
000 -Лидер
Контролно поле с фиксирана дължина 01245nam a2200349 c 4500
003 - Код на организацията, давaща контролен номер
Контролно поле BLK
005 - Дата и час на последна редакция
Контролно поле 20200902152011.0
008 - Елементи от данни с фиксирана дължина
fixed length control field 180412b bul|||||r ||||||| ||bul||
010 ## - Наследен системен номер
LC control number KNG00000182000
040 ## - Източник на каталожния запис
Идентификатор на билиотеката - собственик на записа BLK
041 ## - Код за език
Код за езика на текст/звукозапис или на отделно заглавие Български
Код за езика КДБФ Български
080 ## - УДК
Текстов определител УДК Астрология
УДК код - определител по УДК 133.52
УДК - код + определител 133.52
100 1# - Редна дума - Автор
Автор Lutin, Michael
Авторска отговорност първи автор
R(LIN) 17400
139 ## - Редно поле
Редна дума Лютин, Майкъл
Авторски знак Лют - Л 96
245 10 - Сведения за заглавието
Заглавие Риби
Подзаглавни данни Пълен хороскоп за 1994 г. : 19 февр. - 20 март
Редно поле (дума) Майкъл Лютин; Michael Lutin; прев. от англ. Д. Найденова.
257 ## - Страна на издаване
Страна на създаване/издаване Съединени американски щати
260 ## - Област на издателските данни
Име на издателя, разпространителя и проч. Зодиак-ВН
Година на издаване 1993
Място на издаване, разпространение и проч. София
300 ## - Физическа характеристика
Страници 240 с.
Илюстрации и др. с табл., ил.
Размери/Мащаб 18 см
380 ## - Жанр
Жанр Философия
500 ## - Общи забележки
Забележка Ориг. загл. Astrological perspectives 1994 Total Horoscope : Pisces / Michael Lutin
650 #4 - Допълнително описание по предмет – тема
Основно описание – тема или топоним Астрология
9 (RLIN) 147757
653 ## - Ключова дума – ненормативна
Ключова дума астрология
653 ## - Ключова дума – ненормативна
Ключова дума зодии
653 ## - Ключова дума – ненормативна
Ключова дума хороскопи
700 1# - Други автори (авторска отговорност)
Лично име Лютин, Майкъл
9 (RLIN) 241753
700 1# - Други автори (авторска отговорност)
Лично име Найденова, Д.
Автороска отговорност (Описва отношението между автора и произведението) прев. от англ.
9 (RLIN) 241755
852 ## - Местоположение
Форматна сигнатура Цб І 26755
856 4# - Електронен адрес и достъп
Електронен формат pdf - файл
Път до файла /url/
856 4# - Електронен адрес и достъп
Електронен формат pdf - файл
Път до файла /url/
999 ## - СИСТЕМНИ КОНТРОЛНИ НОМЕРА
Koha biblionumber 125
Koha biblioitemnumber 125
942 ## - АРТИКУЛИ
Вид на библиотечния материал Книги
Скрит в OPAC Не
Периодичен библиозапис Да
944 ## - СЪЗДАВАНЕ И РЕДАКЦИЯ на ЗАПИСА
Създаване/Редакция Създаване
Дата на регистрацията/редакция 22.07.2009
Служител, извършил регистрацията/редакцията Геновева_Генчева
944 ## - СЪЗДАВАНЕ И РЕДАКЦИЯ на ЗАПИСА
Създаване/Редакция Редакция
Дата на регистрацията/редакция 22.07.2009
999 ## - СИСТЕМНИ КОНТРОЛНИ НОМЕРА
Koha biblioitemnumber 125
Наличности
Код за отписване Код за изгубен артикул Източник на класификационната схема Код за повреда Коз за рестрикции Код за отдаване Артикулен № Име на библиотеката - собственик Име на библиотеката, в която се намира в момента Статус (Текущо местоположение) Дата на вписване в системата Местоположение - отдел Цена в лева Инвентарен номер Систематично азбучна сигнатура Баркод Номер на екземпляра Цена в евро Служебна бележка Служебен тип на артикула
  Не е изгубен Universal Decimal Classification Не е повреден само за читалня ползва се в читалня 250 Регионална библиотека "Любен Каравелов" Русе Регионална библиотека "Любен Каравелов" Русе Хранилище 1993-01-01 Хранилище 30.00 595398 Цб І 26755 120000595398 1 15.34 Дост: Dp Вид: Д N: 3 Дата: 01.01.1993 Книги
Vip Innovations Ltd, Rousse, Bulgaria 2025